[Event "AUTO-INT-3177"]
[Site "http://www.queenalice.com/game.php?id=1442947"]
[Date "2016.9.26"]
[Round "1"]
[White "lucasitajobi"]
[Black "akleetch"]
[Result "1-0"]
[WhiteElo "1649"]
[BlackElo "1714"]

1. e4 e5 2. Nf3 d6 3. Bc4 Nc6 4. d3 h6 5. Nc3 Nf6 6. Nd5 Be6 7. Nxf6+ Qxf6 8.
Bxe6 Qxe6 9. Be3 Be7 10. O-O O-O-O 11. c4 f5 12. exf5 Qxf5 13. h3 g5 14. a3 d5
15. cxd5 Rxd5 16. b4 e4 17. Nd2 Rxd3 18. b5 Ne5 19. Bxa7 b6 20. Ra2 Kb7 21. Qa4
Kc8 22. Bxb6 cxb6 23. Qa8+ Kd7 24. Qxh8 Nf7 25. Qb8 Bc5 26. Nc4 Qf6 27. Qb7+ Ke8
28. a4 Qd4 29. Nxb6 Bxb6 30. a5 Bc5 31. a6 Ba7 32. Rc2 Nd6 33. Qa8+ Ke7 34. Rc7+
Ke6 35. Qxa7 Qxa7 36. Rxa7 Nxb5 37. Rb7 Ra3 38. Rb6+ Kd7 39. Rxb5 Rxa6 40. Rc1
Ra7 41. Rbc5 Rb7 42. g4 Rb6 43. Kg2 Ra6 44. Kg3 Ra3+ 45. Kg2 Ra6 46. Rc7+ Kd6
47. Rh7 Kd5 48. Rc8 Ke5 49. Rch8 Kf4 50. Rxh6 Ra2 51. Rf8+ 1-0

[Event "AUTO-INT-3177"]
[Site "http://www.queenalice.com/game.php?id=1442960"]
[Date "2016.9.26"]
[Round "1"]
[White "lucasitajobi"]
[Black "Edson_Vieira"]
[Result "0-1"]
[WhiteElo "1665"]
[BlackElo "1990"]

1. e4 e5 2. Nf3 d6 3. Bc4 h6 4. Nc3 Nf6 5. d3 Bg4 6. h3 Bh5 7. Be3 a6 8. Nd5
Nbd7 9. O-O c6 10. Nxf6+ Qxf6 11. b4 b5 12. Bb3 a5 13. bxa5 Rxa5 14. c4 bxc4 15.
Bxc4 Be7 16. a4 O-O 17. d4 d5 18. dxe5 Nxe5 19. Nxe5 Bxd1 20. Rfxd1 Qxe5 21. Bd3
dxe4 22. Bc4 Bd6 23. g3 g5 24. Bb6 Raa8 25. a5 Bc5 26. Be2 Bxb6 27. axb6 Rxa1
0-1

[Event "AUTO-INT-3177"]
[Site "http://www.queenalice.com/game.php?id=1442961"]
[Date "2016.9.26"]
[Round "1"]
[White "Edson_Vieira"]
[Black "lucasitajobi"]
[Result "1-0"]
[WhiteElo "1956"]
[BlackElo "1681"]

1. e4 e5 2. Nf3 Nc6 3. Bc4 d6 4. a3 Bg4 5. h3 Bxf3 6. Qxf3 f6 7. d3 Nd4 8. Qd1
Ne7 9. O-O c6 10. c3 Nb5 11. a4 Nc7 12. f4 exf4 13. Bxf4 d5 14. exd5 Ncxd5 15.
Bg3 Ne3 16. Qh5+ g6 17. Qf3 Nxf1 18. Qxf6 Rg8 19. Qf7+ Kd7 20. Be6# 1-0

[Event "AUTO-INT-3177"]
[Site "http://www.queenalice.com/game.php?id=1442962"]
[Date "2016.9.26"]
[Round "1"]
[White "lucasitajobi"]
[Black "TITAN10"]
[Result "0-1"]
[WhiteElo "1665"]
[BlackElo "1672"]

1. e4 c5 2. Bc4 d6 3. d3 Nf6 4. Nc3 e6 5. Nf3 Be7 6. Bg5 h6 7. Bxf6 Bxf6 8. O-O
O-O 9. a4 Nc6 10. h3 a6 11. b3 Bxc3 12. Rb1 e5 13. Bd5 Be6 14. Bxe6 fxe6 15. h4
Nd4 16. Nxd4 exd4 17. Qg4 e5 18. Qe6+ Kh8 19. h5 Rf6 20. Qg4 Bd2 21. Ra1 Qf8 22.
f3 Qf7 23. Rad1 Be3+ 24. Kh1 Rf4 25. Qg3 Qf6 26. Qh3 Rh4 27. Rde1 Rxh3+ 28. gxh3
Qh4 29. Re2 Qxh3+ 30. Rh2 Qe6 31. a5 Rf8 32. Rh3 Qxh3# 0-1

[Event "AUTO-INT-3177"]
[Site "http://www.queenalice.com/game.php?id=1442963"]
[Date "2016.9.26"]
[Round "1"]
[White "TITAN10"]
[Black "lucasitajobi"]
[Result "1-0"]
[WhiteElo "1724"]
[BlackElo "1670"]

1. e4 e5 2. Nf3 Nc6 3. d4 exd4 4. Nxd4 Nxd4 5. Qxd4 d6 6. Bd3 Be6 7. Bf4 Nf6 8.
O-O c5 9. Qc3 d5 10. e5 d4 11. Qd2 Nd5 12. Bg3 Nb4 13. a3 Nxd3 14. cxd3 Be7 15.
Qe2 Qd7 16. Nd2 O-O 17. Rfc1 a5 18. f4 Bg4 19. Qf2 b5 20. h3 Bf5 21. Qe2 b4 22.
Bf2 bxa3 23. g4 Be6 24. Ne4 Bd5 25. Nxc5 Qc6 26. Ne4 Bxe4 27. Rxc6 Bxc6 28. bxa3
Rfc8 29. Bxd4 Ba4 30. Ra2 Rc1+ 31. Kh2 Bd1 32. Qf2 Bxa3 33. Kg3 Bb4 34. Be3 Rb1
35. Bc5 Rd8 36. Bxb4 Rxd3+ 37. Kh4 Rxb4 38. Rxa5 h6 39. Ra1 Bb3 40. Rb1 Rdd4 41.
Rxb3 Rxf4 42. Qg3 Ra4 43. Rf3 Rfe4 44. Qf2 Rxe5 45. Rxf7 Ra3 46. Rf8+ Kh7 47.
Qc2+ Rf5 48. Qxf5+ 1-0

[Event "OS INCLIVEIS"]
[Site "http://www.queenalice.com/game.php?id=1445438"]
[Date "2016.10.13"]
[Round "-"]
[White "adelio"]
[Black "lucasitajobi"]
[Result "0-1"]
[WhiteElo "1615"]
[BlackElo "1639"]

1. d4 d5 2. e4 dxe4 3. Nc3 Nf6 4. f3 exf3 5. Nxf3 Bg4 6. h3 Bxf3 7. Qxf3 e6 8.
Qxb7 Nbd7 9. Qc6 Bd6 10. Nb5 O-O 11. Nxd6 cxd6 12. Qxd6 Ne4 13. Qf4 Ndf6 14. Be3
Qa5+ 15. Bd2 Nxd2 16. Qxd2 Qxd2+ 17. Kxd2 Rfd8 18. Kd3 a5 19. a4 h6 20. g4 Nd5
21. Kd2 Nf4 22. c3 Rab8 23. Bb5 e5 24. Ke3 Ng6 25. Rad1 exd4+ 26. cxd4 Ne7 27.
Rhf1 Nd5+ 28. Kf3 Rd6 29. Rde1 Nc7 30. Re7 Nd5 31. Re5 Rf6+ 32. Kg3 Rxf1 33.
Bxf1 Nf6 34. Bb5 Rd8 35. g5 hxg5 36. Kf3 Rxd4 37. Rxg5 Rb4 38. h4 Rxb2 39. Kg3
Ne4+ 40. Kf4 Nxg5 41. hxg5 g6 42. Ke5 Kg7 43. Kf4 f6 44. gxf6+ Kxf6 45. Ke4 g5
46. Kd5 g4 47. Kc5 g3 48. Bf1 Rb1 49. Bh3 Rb2 50. Kd4 g2 51. Bxg2 Rxg2 52. Kc4
Rb2 53. Kc5 Ke5 54. Kc4 Rb4+ 55. Kc5 Rxa4 56. Kb6 Ra1 57. Kb5 Kd4 58. Kb6 a4 59.
Kb5 Kc3 60. Ka5 a3 61. Ka4 Kb2 62. Kb4 Re1 63. Kc5 a2 64. Kc6 a1=Q 65. Kc7 Qc1+
66. Kb7 Qh6 67. Ka8 Re7 68. Kb8 Qf8# 0-1

[Event "OS INCLIVES"]
[Site "http://www.queenalice.com/game.php?id=1445439"]
[Date "2016.10.13"]
[Round "-"]
[White "lucasitajobi"]
[Black "adelio"]
[Result "1/2-1/2"]
[WhiteElo "1639"]
[BlackElo "1628"]

1. e4 a6 2. d4 c5 3. dxc5 e6 4. Nf3 Bxc5 5. Be3 Be7 6. Bc4 b5 7. Bb3 d6 8. O-O
Nc6 9. a3 h5 10. Nc3 h4 11. h3 g5 12. Ba2 Ne5 13. Nxe5 dxe5 14. Qxd8+ Bxd8 15.
Rad1 Bf6 16. Bb6 Bd7 17. b4 Ne7 18. a4 Ng6 19. axb5 axb5 20. Ba5 Bc6 21. f3 Nf4
22. Rfe1 Nxh3+ 23. gxh3 g4 24. fxg4 O-O 25. Rd6 Rac8 26. Rf1 Bg5 27. Bb6 Be7 28.
Rdd1 Bxb4 29. Ne2 Bxe4 30. Bb3 Bg6 31. Nc1 Bxc2 32. Bxc2 Rxc2 33. Nd3 Bc3 34.
Rc1 Rxc1 35. Rxc1 b4 36. Ba5 Rb8 37. Rb1 Rb5 38. Bxb4 Bd4+ 39. Nf2 Bc5 40. Kg2
Rxb4 41. Rxb4 Bxb4 42. Nd3 Bd6 43. Kf3 f6 44. Nf2 f5 45. gxf5 exf5 46. Ke2 Bc5
47. Nd3 Bd4 48. Kd2 f4 49. Ke2 Ba1 50. Kf3 Kf7 51. Kg4 e4 52. Nxf4 Bf6 53. Nd5
Bd8 54. Kf4 Kg6 55. Kxe4 Kg5 56. Ne3 Bc7 57. Ng2 Bg3 58. Kf3 Bh2 59. Ke4 Bg3 60.
Kf3 Bb8 61. Ke4 Bh2 62. Kf3 Bb8 63. Ke4 Bh2 1/2-1/2

[Event "PETRO 1"]
[Site "http://www.queenalice.com/game.php?id=1456048"]
[Date "2016.12.22"]
[Round "2"]
[White "ribeiroBR"]
[Black "lucasitajobi"]
[Result "1-0"]
[WhiteElo "2094"]
[BlackElo "1656"]

1. e4 e5 2. Nf3 d6 3. Bc4 Be6 4. Bxe6 fxe6 5. d4 exd4 6. Nxd4 e5 7. Nf5 Ne7 8.
Bg5 h6 9. Bxe7 Bxe7 10. Qh5+ Kd7 11. Qh3 Kc6 12. O-O b6 13. a4 Nd7 14. a5 Rg8
15. Qc3+ Kb7 16. a6+ Kb8 17. Qc6 Nc5 18. b4 Nxa6 19. Rxa6 h5 20. Nc3 g6 21. Nxe7
Qxe7 22. Rfa1 Rf8 23. Nb5 Kc8 24. Nxa7+ Kd8 25. Qxa8+ Kd7 26. Qc6+ Ke6 27. Qd5+
Kd7 28. Qb5+ Ke6 29. Nc6 Qd7 30. Ra7 Kf6 31. Rb7 Kg7 32. Raa7 Qg4 33. Rxc7+ Kg8
34. Rg7+ 1-0

[Event "OS INCLIVEIS"]
[Site "http://www.queenalice.com/game.php?id=1473697"]
[Date "2017.4.16"]
[Round "-"]
[White "adelio"]
[Black "lucasitajobi"]
[Result "1-0"]
[WhiteElo "1468"]
[BlackElo "1675"]

1. b4 e5 2. b5 d5 3. e3 Bd7 4. c4 dxc4 5. Bxc4 Bc5 6. Bxf7+ Kxf7 7. Nf3 Nf6 8.
Nxe5+ Ke6 9. d4 Bb4+ 10. Bd2 Bxd2+ 11. Nxd2 Bxb5 12. Qb3+ Qd5 13. Ndc4 Qxg2 14.
Nb6+ Nd5 15. O-O-O axb6 16. Qxb5 Rxa2 17. Qb1 Qxf2 18. Ng4 Qg2 19. Rhg1 Qxh2 20.
Nxh2 Rxh2 21. Qe4+ Kd6 22. Qe5+ Kc6 23. Qxh2 Nxe3 24. d5+ Nxd5 25. Qh1 Na6 26.
Qxd5# 1-0

[Event "OS INCLIVEIS"]
[Site "http://www.queenalice.com/game.php?id=1473698"]
[Date "2017.4.16"]
[Round "-"]
[White "lucasitajobi"]
[Black "adelio"]
[Result "1-0"]
[WhiteElo "1640"]
[BlackElo "1647"]

1. e4 a6 2. Bc4 e6 3. d3 Be7 4. Nf3 d6 5. e5 b5 6. Bb3 Bb7 7. exd6 cxd6 8. O-O
Nc6 9. Be3 Ne5 10. Nxe5 dxe5 11. Nd2 Bxg2 12. Kxg2 Nf6 13. Bg5 h6 14. Bxf6 Bxf6
15. Ne4 h5 16. Nxf6+ Qxf6 17. a4 Qg6+ 18. Kh1 O-O 19. axb5 a5 20. c4 Ra7 21. Ba4
f5 22. b6 Raf7 23. Bb5 Qg4 24. Qxg4 hxg4 25. Rxa5 g5 26. Ra7 f4 27. Rxf7 Kxf7
28. Bc6 Kg7 29. Ra1 Kh6 30. b7 g3 31. hxg3 f3 32. Ra8 Kg7 33. Rxf8 Kxf8 34.
b8=Q+ Kg7 35. Qxe5+ Kg6 36. Be4+ Kf7 37. Qxg5 e5 38. Qg6+ Ke7 39. c5 Kd7 40. c6+
Ke7 41. c7 Kd7 42. Qc6+ Ke7 43. c8=Q Kf7 44. Q8e6+ Kg7 45. Qg6+ Kh8 46. Qce8#
1-0

[Event "Challenge"]
[Site "http://www.queenalice.com/game.php?id=1476083"]
[Date "2017.5.1"]
[Round "-"]
[White "mvson33"]
[Black "lucasitajobi"]
[Result "0-1"]
[WhiteElo "1768"]
[BlackElo "1654"]

1. e4 e5 2. Nf3 d6 3. Bc4 Be6 4. Bxe6 fxe6 5. O-O Nf6 6. d3 Nc6 7. Bg5 Be7 8.
Nbd2 h6 9. Bh4 Qd7 10. c3 O-O-O 11. d4 exd4 12. cxd4 g5 13. Bg3 Nb4 14. Qb3 d5
15. exd5 Nfxd5 16. Rac1 Bd6 17. Bxd6 Qxd6 18. h3 Nf4 19. a3 Ne2+ 20. Kh1 Nxc1
21. Rxc1 Nd5 22. Nc4 Qe7 23. Nfe5 Qf6 24. Rc2 h5 25. Kg1 g4 26. hxg4 hxg4 27.
Nxg4 Qh4 28. Qg3 Qh1# 0-1

[Event "Challenge"]
[Site "http://www.queenalice.com/game.php?id=1476084"]
[Date "2017.5.1"]
[Round "-"]
[White "lucasitajobi"]
[Black "mvson33"]
[Result "0-1"]
[WhiteElo "1651"]
[BlackElo "1767"]

1. e4 e5 2. Nf3 Nc6 3. Bc4 Bc5 4. d3 Be7 5. Nc3 Nf6 6. Ng5 O-O 7. Be3 d6 8. Qf3
h6 9. Nxf7 Rxf7 10. Bxf7+ Kxf7 11. Nd5 Bg4 12. Qg3 Bh5 13. Nxf6 Bxf6 14. O-O Qd7
15. a3 Rf8 16. b4 Kg8 17. b5 Ne7 18. c4 Qe6 19. Bxh6 Kh7 20. Be3 Bf7 21. f3 Kg8
22. Bg5 Bxg5 23. Qxg5 Ng6 24. a4 Nf4 25. Rad1 Bg6 26. Qg3 Ne2+ 27. Kh1 Nxg3+ 28.
hxg3 Bh7 29. a5 Qh6+ 30. Kg1 Qg6 31. a6 bxa6 32. bxa6 Qf7 33. Rb1 Bg6 34. Rb7
Ra8 35. Rfb1 Qe7 36. Rb8+ Rxb8 37. Rxb8+ Kh7 38. Rb7 Qd8 39. Rxa7 Qb8 40. Rb7
Qc8 41. g4 Be8 42. Rb1 Qxa6 43. g5 Kg6 44. g4 Kxg5 45. Rb8 Bg6 46. Kg2 Qa2+ 47.
Kg3 Qe2 48. Rb3 Qe1+ 49. Kg2 Qd2+ 50. Kg3 Qe3 51. Ra3 Bxe4 0-1

[Event "Challenge"]
[Site "http://www.queenalice.com/game.php?id=1483696"]
[Date "2017.6.24"]
[Round "-"]
[White "Nuzzera"]
[Black "lucasitajobi"]
[Result "0-1"]
[WhiteElo "1637"]
[BlackElo "1660"]

1. e3 e5 2. Qh5 d6 3. Bb5+ Bd7 4. Bc4 Nh6 5. d4 Qf6 6. dxe5 dxe5 7. Nf3 g6 8.
Qxe5+ Qxe5 9. Nxe5 Bd6 10. Nf3 Nc6 11. e4 O-O-O 12. Bxh6 Be5 13. c3 Bg4 14. Bxf7
Bf6 15. O-O Bxf3 16. gxf3 Ne5 17. Be6+ Kb8 18. Na3 Nxf3+ 19. Kg2 Nd2 20. Rfe1
Rhe8 21. Bf7 Re7 22. Bd5 c6 23. Red1 cxd5 24. Rxd2 Rxe4 25. Nb5 a6 26. Nd4 g5
27. Nf5 Re5 28. Nd4 Re4 29. f3 Rh4 30. Nf5 Rf4 31. Ne3 Rd6 32. Nxd5 Rf5 33. c4
Be5 34. Re1 Bf4 35. Rc2 Rxh6 36. h3 Rf8 37. c5 Rd8 38. Ne7 Rd2+ 39. Rxd2 Bxd2
40. Re2 Bb4 41. Nf5 Rc6 42. Re8+ Rc8 43. Re7 Bxc5 44. Rxh7 Rg8 45. Nh6 Rd8 46.
a3 Rd2+ 47. Kg3 Rxb2 48. a4 Ra2 49. Nf7 Be3 50. Nd6 Bf4+ 51. Kg4 Bxd6 52. Kxg5
Rxa4 53. h4 Rf4 54. Rh8+ Rf8 55. Rh6 Bf4+ 56. Kh5 Bxh6 57. Kxh6 Rxf3 58. h5 b5
59. Kg5 Rh3 60. h6 b4 61. Kg6 b3 62. h7 b2 63. Kg7 b1=Q 64. h8=Q+ Rxh8 65. Kxh8
a5 66. Kg8 a4 67. Kf8 a3 68. Ke8 a2 69. Kd8 a1=Q 70. Kd7 Qd4+ 71. Kc6 Qbb6# 0-1

[Event "Challenge"]
[Site "http://www.queenalice.com/game.php?id=1489442"]
[Date "2017.8.9"]
[Round "-"]
[White "lucasitajobi"]
[Black "adelio"]
[Result "1-0"]
[WhiteElo "1658"]
[BlackElo "1246"]

1. e4 a6 2. Nf3 c5 3. Bc4 e6 4. d3 b5 5. Bb3 Be7 6. Nc3 d6 7. e5 c4 8. dxc4 Bb7
9. cxb5 Bxf3 10. Qxf3 Nd7 11. exd6 Bxd6 12. bxa6 Nf8 13. Ba4+ 1-0

[Event "Challenge"]
[Site "http://www.queenalice.com/game.php?id=1489443"]
[Date "2017.8.9"]
[Round "-"]
[White "adelio"]
[Black "lucasitajobi"]
[Result "0-1"]
[WhiteElo "1248"]
[BlackElo "1656"]

1. d4 d5 2. e4 dxe4 3. Nc3 Bf5 4. f3 Nf6 5. g4 Bg6 6. h4 exf3 7. Qxf3 c6 8. Be3
e6 9. O-O-O Nbd7 10. h5 Bxh5 11. gxh5 Nd5 12. Bd2 Nxc3 0-1

[Event "AUTO-ADV-3917"]
[Site "http://www.queenalice.com/game.php?id=1498783"]
[Date "2017.10.13"]
[Round "1"]
[White "chessman"]
[Black "lucasitajobi"]
[Result "1-0"]
[WhiteElo "1936"]
[BlackElo "1680"]

1. e4 e5 2. Nf3 Nc6 3. Bb5 a6 4. Ba4 Nf6 5. O-O b5 6. Bb3 d6 7. Ng5 h6 8. Nxf7
Qe7 9. Nxh8 Bg4 10. Qe1 Bh5 11. c3 g5 12. Bf7+ Bxf7 13. Nxf7 Qxf7 14. d3 a5 15.
Qe2 O-O-O 16. d4 exd4 17. Qxb5 Kd7 18. Qf5+ Qe6 19. Qxe6+ Kxe6 20. f3 dxc3 21.
Nxc3 Nb4 22. a3 Nc2 23. Rb1 c6 24. Bd2 Nd4 25. Be3 c5 26. b4 cxb4 27. Bxd4 bxc3
28. Bxc3 Ra8 29. Bxf6 Kxf6 30. Rfc1 a4 31. Rb6 Ke5 32. Kf2 Kf4 33. Rb5 d5 34.
Rxd5 Bxa3 35. g3# 1-0

[Event "AUTO-ADV-3917"]
[Site "http://www.queenalice.com/game.php?id=1498784"]
[Date "2017.10.13"]
[Round "1"]
[White "lucasitajobi"]
[Black "chessman"]
[Result "0-1"]
[WhiteElo "1674"]
[BlackElo "1944"]

1. e4 e6 2. Nf3 d5 3. exd5 exd5 4. d4 Nf6 5. Bg5 Be7 6. Nc3 O-O 7. Bd3 Re8 8.
Bxf6 Bxf6+ 9. Be2 Nc6 10. O-O a6 11. a4 Bg4 12. h3 Be6 13. Bd3 Qd7 14. Ne2 Ne7
15. Nf4 Ng6 16. Nxg6 hxg6 17. Ne5 Bxe5 18. Re1 Bxd4 19. c3 Bf6 20. Qb3 b6 21.
Qc2 Bf5 22. Rxe8+ Rxe8 23. Bxf5 Qxf5 24. Qxf5 gxf5 25. b4 Bxc3 26. Rb1 Re1+ 27.
Rxe1 Bxe1 28. Kf1 Bxb4 29. Ke2 b5 30. axb5 axb5 31. Kd3 c5 32. f3 f4 33. h4 f5
34. h5 Kh7 35. Ke2 Kh6 0-1

[Event "AUTO-ADV-3917"]
[Site "http://www.queenalice.com/game.php?id=1498797"]
[Date "2017.10.13"]
[Round "1"]
[White "a3035"]
[Black "lucasitajobi"]
[Result "1-0"]
[WhiteElo "1580"]
[BlackElo "1671"]

1. e4 e5 2. Nc3 Bc5 3. Nf3 d6 4. Bc4 Be6 5. Nd5 c6 6. d4 exd4 7. Nxd4 Bxd4 8.
Qxd4 cxd5 9. exd5 Bd7 10. Bf4 Nf6 11. Qe3+ Qe7 12. Qxe7+ Kxe7 13. O-O Re8 14.
Rae1+ Kf8 15. Bxd6+ Kg8 16. Rd1 Ne4 17. Bb4 Na6 18. Bxa6 bxa6 19. f3 Nf6 20. Bc3
Bb5 21. Rf2 Bc4 22. b3 Bxd5 23. Bxf6 gxf6 24. Rxd5 Rac8 25. c4 Re1+ 26. Rf1 Re2
27. Ra5 Rc6 28. Rf2 Rxf2 29. Kxf2 f5 30. Rxf5 Rd6 31. Ra5 Kg7 32. c5 Rc6 33. b4
h5 34. a4 f5 35. f4 Kf6 36. Kg3 Kg6 37. h4 Re6 38. Kf3 Re4 39. Rxa6+ Kf7 40. c6
Rxb4 41. Rxa7+ Ke6 42. c7 Rc4 43. a5 Rc3+ 44. Kf2 Rc2+ 45. Kg3 Rc3+ 46. Kh2 Kd6
47. a6 1-0

[Event "AUTO-ADV-3917"]
[Site "http://www.queenalice.com/game.php?id=1498798"]
[Date "2017.10.13"]
[Round "1"]
[White "lucasitajobi"]
[Black "a3035"]
[Result "1-0"]
[WhiteElo "1670"]
[BlackElo "1625"]

1. e4 e5 2. Nf3 Nf6 3. Nc3 Nc6 4. Bc4 d6 5. Ng5 Be6 6. Bxe6 fxe6 7. Nxe6 Qe7 8.
Nxf8 Qxf8 9. d3 O-O-O 10. Bg5 h6 11. Bxf6 Qxf6 12. Nd5 Qg5 13. g3 Rde8 14. Qf3
Rhf8 15. Qe3 Qxe3+ 16. Nxe3 Nd4 17. c3 Nf3+ 18. Ke2 g6 19. h4 g5 20. hxg5 Nxg5
21. Rxh6 Nf3 22. g4 Ng5 23. Nf5 Rg8 24. b4 Ne6 25. Rg1 Nf4+ 26. Ke3 Ng6 27. Rh7
Rh8 28. Rxh8 Nxh8 29. g5 Ng6 30. d4 exd4+ 31. cxd4 d5 32. e5 Re6 33. a4 b6 34.
Ng7 Rc6 35. e6 Rc4 36. Rb1 Kd8 37. Kd3 Ke7 38. Re1 Nf4+ 39. Kd2 Rxb4 40. Nf5+
Ke8 41. e7 Ng6 42. Ng7+ Kf7 43. e8=Q+ Kxg7 44. Re7+ Nxe7 45. Qxe7+ 1-0

[Event "AUTO-ADV-3917"]
[Site "http://www.queenalice.com/game.php?id=1498807"]
[Date "2017.10.13"]
[Round "1"]
[White "lucasitajobi"]
[Black "TITAN10"]
[Result "1/2-1/2"]
[WhiteElo "1669"]
[BlackElo "2047"]

1. e4 c5 2. Nc3 d6 3. Bb5+ Nc6 4. d3 a6 5. Bxc6+ bxc6 6. Nf3 Nf6 7. O-O e5 8.
Bg5 Be7 9. a3 h6 10. Bh4 Nh7 11. Bxe7 Qxe7 12. b4 Bg4 13. h3 Bh5 14. bxc5 dxc5
15. Ne2 O-O 16. c3 f5 17. Ng3 Bg6 18. exf5 Bxf5 19. Nxf5 Rxf5 20. Re1 Raf8 21.
a4 Rb8 22. d4 e4 23. Nd2 cxd4 24. cxd4 Nf6 25. f3 e3 26. Nc4 Rd8 27. Nxe3 Rf4
28. Ng4 Qd7 29. Nxf6+ Rxf6 30. Qd3 Qxd4+ 31. Qxd4 Rxd4 32. a5 Rfd6 33. Re8+ Kf7
34. Ra8 c5 35. Rc1 c4 36. Rc8 R6d5 37. R8xc4 Rxc4 38. Rxc4 Rxa5 39. Rc7+ Kg6 40.
Ra7 Ra2 41. Kh2 Kf6 42. h4 Kg6 43. Kh3 Ra5 44. g4 Ra3 45. Kg3 Ra4 46. h5+ Kh7
47. Re7 a5 48. f4 Kg8 49. Re5 Ra3+ 50. Kh4 a4 51. g5 Rf3 52. Kg4 Rf1 53. gxh6
Rg1+ 54. Kf5 gxh6 55. Ra5 Ra1 56. Kg6 Kf8 57. Kxh6 a3 58. Kg6 Rg1+ 59. Kf6 Kg8
60. Rxa3 Kh7 61. Rh3 Kh6 62. f5 Rg5 63. Ke6 Kg7 64. h6+ Kh7 65. f6 Ra5 66. Rd3
Kg6 67. f7 Ra6+ 68. Rd6 Rxd6+ 69. Kxd6 Kxf7 1/2-1/2

[Event "AUTO-ADV-3917"]
[Site "http://www.queenalice.com/game.php?id=1498808"]
[Date "2017.10.13"]
[Round "1"]
[White "TITAN10"]
[Black "lucasitajobi"]
[Result "0-1"]
[WhiteElo "2025"]
[BlackElo "1675"]

1. e4 e5 2. Nf3 Nc6 3. c3 d6 4. h3 Nf6 5. d3 Be6 6. Bg5 Be7 7. Be2 h6 8. Bh4 g5
9. Bg3 Qd7 10. Nh2 O-O-O 11. Nf1 d5 12. f3 dxe4 13. dxe4 h5 14. Ne3 Qe8 15. Qc2
h4 16. Bf2 Bc5 17. Nd2 Nh5 18. O-O-O Bxa2 19. b3 Ba3+ 0-1

[Event "Challenge"]
[Site "http://www.queenalice.com/game.php?id=1501889"]
[Date "2017.11.3"]
[Round "-"]
[White "WLAO"]
[Black "lucasitajobi"]
[Result "1-0"]
[WhiteElo "1753"]
[BlackElo "1684"]

1. b3 d5 2. Bb2 Nc6 3. a3 Bf5 4. d3 Nf6 5. Bxf6 exf6 6. b4 Nd4 7. e3 Nc6 8. Nd2
a6 9. Ngf3 Bd6 10. Nh4 Bg6 11. Ndf3 Ne5 12. Nxe5 fxe5 13. Nxg6 fxg6 14. g3 d4
15. e4 Qf6 16. Bg2 O-O-O 17. O-O g5 18. Qg4+ Kb8 19. c4 dxc3 20. Rac1 h5 21. Qe2
h4 22. Rxc3 hxg3 23. fxg3 Qh6 24. Qc2 Qxh2+ 25. Kf2 Rdf8+ 26. Ke1 Qxg3+ 27. Kd1
Rxf1+ 28. Bxf1 Rh1 29. Qe2 Qf4 30. Rc2 Rxf1+ 31. Qxf1 Qxf1+ 32. Kd2 g4 33. Kc3
g3 34. a4 g2 35. b5 g1=Q 36. bxa6 Qe1+ 37. Kb3 1-0

[Event "Challenge"]
[Site "http://www.queenalice.com/game.php?id=1502074"]
[Date "2017.11.4"]
[Round "-"]
[White "WLAO"]
[Black "lucasitajobi"]
[Result "1-0"]
[WhiteElo "1768"]
[BlackElo "1683"]

1. b3 d5 2. d3 e5 3. Bb2 d4 4. e4 dxe3 5. fxe3 Nc6 6. Nd2 Nf6 7. Ngf3 Bg4 8. Qe2
Bb4 9. O-O-O Bxd2+ 10. Rxd2 e4 11. dxe4 Qe7 12. Qc4 O-O 13. h3 Bxf3 14. gxf3
Rad8 15. Bd3 Ne5 16. Qb5 Nxd3+ 17. Rxd3 Rxd3 18. Qxd3 Rd8 19. Qb5 b6 20. Kb1 Qd6
21. e5 Qd2 22. Bc1 Qc3 23. exf6 Qxf6 24. Bb2 Qxf3 25. Rf1 Qxe3 26. Qc4 Qxh3 27.
Qxf7+ 1-0